Central Library OPAC University of Rajshahi

Number theory, (Record no. 7182)

MARC details
000 -LEADER
fixed length control field 01071cam a22003011 4500
001 - CONTROL NUMBER
control field 7182
003 - CONTROL NUMBER IDENTIFIER
rucl marc code BD-RjUL
005 - DATE AND TIME OF LATEST TRANSACTION
control field 20211208234357.0
008 - FIXED-LENGTH DATA ELEMENTS--GENERAL INFORMATION
fixed length control field 140113s1966 nyu 001 0 eng
035 ## - SYSTEM CONTROL NUMBER
System control number (BD-RjUL)7224
System control number (OCoLC)525638
040 ## - CATALOGING SOURCE
Original cataloging agency DLC
Transcribing agency ODaWU
Modifying agency OCoLC
-- Uk
-- DLC
-- BD-RjUL
Language of cataloging eng
041 1# - LANGUAGE CODE
Language code of text/sound track or separate title eng
Language code of original rus
082 ## - DEWEY DECIMAL CLASSIFICATION NUMBER
Classification number 512.81
Author mark and year BON 1966
100 1# - MAIN ENTRY--PERSONAL NAME
Personal name Borevich, Z. I.
Fuller form of name (Zenon Ivanovich)
9 (RLIN) 22469
245 10 - TITLE STATEMENT
Title Number theory,
Statement of responsibility, etc. by Z.I. Borevich and I.R. Shafarevich. Translated by Newcomb Greenleaf for Scripta Technica, translators, New York.
260 ## - PUBLICATION, DISTRIBUTION, ETC. (IMPRINT)
Place of publication, distribution, etc. New York :
Name of publisher, distributor, etc. Academic Press ,
Date of publication, distribution, etc. c1966
300 ## - PHYSICAL DESCRIPTION
Pagination x, 435 p. ;
Size 23 cm.
490 1# - SERIES STATEMENT
Series statement Pure and applied mathematics; a series of monographs and textbooks,
Volume/sequential designation 20
504 ## - BIBLIOGRAPHY, ETC. NOTE
Bibliography, etc Includes index.
650 #0 - SUBJECT ADDED ENTRY--TOPICAL TERM
Topical term or geographic name as entry element Number theory.
9 (RLIN) 22470
700 1# - ADDED ENTRY--PERSONAL NAME
Personal name Shafarevich, I. R.
Fuller form of name (Igorสน Rostislavovich),
Dates associated with a name 1923-
Relator term joint author.
830 #0 - SERIES ADDED ENTRY--UNIFORM TITLE
Volume number/sequential designation 20.
830 #0 - SERIES ADDED ENTRY--UNIFORM TITLE
Uniform title Pure and applied mathematics (Academic Press) ;
942 ## - ADDED ENTRY ELEMENTS (KOHA)
Source of classification or shelving scheme Dewey Decimal Classification
Koha item type Books
Holdings
Lost status Source of classification or shelving scheme Damaged status Not for loan Collection code Permanent Location Current Location Shelving location Date acquired Source of acquisition Cost, normal purchase price Total Checkouts Full call number Date last seen Copy number Koha item type
  Dewey Decimal Classification   Not For Loan Non-fiction Central Library, University of Rajshahi Central Library, University of Rajshahi   09/12/1968 Zeitlinger 123.00   512.81 BON 1966 13/01/2014 C-1 Books